|
|
|
|
| LEADER |
00000nam0a2200000 4500 |
| 001 |
296399 |
| 005 |
20231102000912.0 |
| 010 |
|
|
|a 008029977
|
| 035 |
|
|
|a (RuTPU)RU\TPU\book\321505
|
| 090 |
|
|
|a 296399
|
| 100 |
|
|
|a 20150529d1983 k y0engy50 ba
|
| 101 |
0 |
|
|a eng
|
| 102 |
|
|
|a US
|
| 105 |
|
|
|a a z 100zy
|
| 200 |
1 |
|
|a Fusion Technology 1982
|e proceedings of the Symposium 13-17 September 1982
|v V. 1
|f Association European Atomic Enery Community- EURATOM
|
| 210 |
|
|
|a Oxford
|a New York
|a Toronto
|a Sydney
|a Paris
|a Frankfurt
|c Pergamon
|d 1983
|
| 215 |
|
|
|a 740 p.
|c il.
|
| 606 |
1 |
|
|a Термоядерные реакторы
|2 stltpush
|3 (RuTPU)RU\TPU\subj\59997
|9 77488
|
| 610 |
1 |
|
|a термоядерные реакции
|
| 610 |
1 |
|
|a ядерное топливо
|
| 610 |
1 |
|
|a атомная энергия
|
| 610 |
1 |
|
|a электростанции
|
| 610 |
1 |
|
|a термоядерный синтез
|
| 610 |
1 |
|
|a исследования
|
| 610 |
1 |
|
|a дистанционные технологии
|
| 610 |
1 |
|
|a плазма
|
| 610 |
1 |
|
|a электронный нагрев
|
| 610 |
1 |
|
|a тритий
|
| 610 |
1 |
|
|a сети питания
|
| 610 |
1 |
|
|a нагрузки
|
| 610 |
1 |
|
|a тяжелые ионы
|
| 610 |
1 |
|
|a турбомолекулярные насосы
|
| 610 |
1 |
|
|a плазменная сварка
|
| 610 |
1 |
|
|a электроэнергия
|
| 610 |
1 |
|
|a электромагнитные системы
|
| 610 |
1 |
|
|a английский язык
|
| 675 |
|
|
|a 621.039.6(063)
|v 4
|
| 712 |
0 |
2 |
|a Association European At0mic Enery Community- EURATOM
|
| 712 |
1 |
2 |
|a Fusion Technology
|c Symposium
|e USA
|f 1982
|4 570
|
| 801 |
|
1 |
|a RU
|b 63413507
|c 20150529
|
| 801 |
|
2 |
|a RU
|b 63413507
|c 20170110
|g RCR
|
| 942 |
|
|
|c BK
|